000
00228nam a22001097a 4500
003
OSt
008
231127b |||||||| |||| 00| 0 eng d
041
_a
eng
100
_a
Ayyar
_9
5728
245
_a
Mannual of Zoology /
942
_c
BK
999
_c
18060
_d
18060